| 000 | 00646cam a22002653a 4500 | ||
|---|---|---|---|
| 001 | 16414011 | ||
| 003 | DO-SdBNP | ||
| 005 | 20160328142620.0 | ||
| 007 | 16414011 | ||
| 008 | 861112s1997 ck 000 0 spa d | ||
| 010 | _a | ||
| 035 | _a(OCoLC) | ||
| 040 |
_aBPMSU _cspa _dBPMSU _d |
||
| 041 | 1 |
_aspa _h |
|
| 050 | 0 | 0 | _a |
| 100 | 1 | _aMcDowell, Josh. | |
| 240 | 1 | 0 |
_aMore than a carpenter _lEspañol |
| 245 | 1 | 0 |
_aMás que un carpintero / _cJosh McDowell. |
| 260 |
_aColombia : _bUnilit, _c 1997 |
||
| 300 |
_a137 p. : _b20 cm. |
||
| 500 | _a | ||
| 600 | 0 | 0 |
_a _x |
| 942 |
_2ddc _cBK |
||
| 956 |
_2VMATEO _310 _620160328 _8BPMSU _a0069 |
||
| 999 |
_c9403 _d9403 |
||